000 00973cam a22002651 4500
001 gs 15000668
003 DLC
005 20260227111318.0
008 771012s1915 ctuabf b 000 0 eng c
010 _ags 15000668
035 _a(OCoLC)3335350
040 _aU. S. Geol. survey. Library
_cCtFaU
_dDLC
042 _apremarc
050 0 0 _aQE732
_b.L85
082 _a557.46 s
100 1 _aLull, Richard Swann,
_d1867-1957.
245 1 0 _aTriassic life of the Connecticut valley,
_cby Richard Swann Lull.
260 _aHartford,
_bPrinted for the State geological and natural history survey,
_c1915.
300 _a285 p.
_billus., XII pl., 3 fold. maps, fold. tab.
_c23 cm.
490 0 _aConnecticut. State Geological and natural history survey. Bulletin
_vno. 24
500 _aAt head of half-title: State of Connecticut. Public document no. 47.
504 _aBibliography: p. 265-271.
650 0 _aPaleontology
_yTriassic.
650 0 _aPaleontology
_zConnecticut.
999 _c25562
_d25562